La gran maquína.

Na minha lista:
Detalhes bibliográficos
Autor principal: Erion (autor)
Formato: Livro
Publicado em: Valparaíso, Chile: Imaginativo, 2022.
Edição:Primera edición.
Assuntos:
Tags: Adicionar Tag
Sem tags, seja o primeiro a adicionar uma tag!

MARC

LEADER 00000nam a22000007a 4500
003 CL-VaPUC
005 20250321101932.0
008 250123t2022 ||||| |||| 00| 0 eng d
999 |c 446784  |d 446782 
020 |a 878-658-7058-03-7 
040 |c Pontificia Universidad Católica de Valparaíso 
082 |a 741.5 ERI 2022 
100 |9 895814  |a Erion  |e autor 
245 |a La gran maquína. 
250 |a Primera edición. 
260 |a Valparaíso, Chile:  |b Imaginativo,  |c 2022. 
300 |a sin numeración:  |b ilustraciones. 
500 |a c.1. Instituto Arcos.08-01-2025. 
583 |c 20250123  |k Gabriela Rodríguez Cuevas 
650 0 |9 369534  |a Cómics  |x Chile 
650 0 |9 882681  |a Historietas chilenas  
942 |2 ddc  |c BK  |n 0 
952 |0 0  |1 0  |2 ddc  |4 0  |6 741_500000000000000_ERI_2022  |7 0  |9 599847  |a BIBINC  |b BIBINC  |c GEN  |d 2025-01-23  |e Instituto Arcos  |i 5664713  |o 741.5 ERI 2022  |p 5664713  |r 2025-01-23  |t 1  |w 2025-01-23  |y BK  |k IFP